| 000 | 00914nam a2200253 i 4500 | ||
|---|---|---|---|
| 001 | 16774 | ||
| 003 | ES-MaACL | ||
| 005 | 20230906151408.0 | ||
| 007 | t| | ||
| 008 | 001106s1990 sp ||||1| spa d | ||
| 080 | _a324(87)"1958/1988" | ||
| 080 | _a32(87)"1958-1988" | ||
| 100 | 1 |
_aSerrafero, Mario Daniel. _9105673 |
|
| 245 | 1 | 0 |
_aTres décadas del sistema electoral venezolano _b: rendimientos, efectos políticos y reformas / _cMario Daniel Serrafero. |
| 260 |
_a[Madrid] : _bInstituto Universitario Ortega y Gasset, _c1990. |
||
| 300 |
_a77 p. ; _c32 cm. |
||
| 490 | 1 | _aPapeles de trabajo América Latina | |
| 650 | 1 | 4 |
_aElecciones- _zVenezuela. _9155008 |
| 651 | 4 |
_aVenezuela- _xPolítica y gobierno- _y1958-1988. _99526 |
|
| 710 | 2 |
_aInstituto Universitario Ortega y Gasset. _95247 |
|
| 830 | 0 |
_aPapeles de trabajo América Latina _9228673 |
|
| 852 |
_aES-MaACL _j2155-F-2 |
||
| 999 |
_c16774 _d16774 |
||